Giving the Winds the Bible Voice: (Record no. 4103)

MARC details
000 -LEADER
fixed length control field 00636nam a22001937a 4500
003 - CONTROL NUMBER IDENTIFIER
control field GBCCL
005 - DATE AND TIME OF LATEST TRANSACTION
control field 20241126110511.0
008 - FIXED-LENGTH DATA ELEMENTS--GENERAL INFORMATION
fixed length control field 180112b xxu||||| |||| 00| 0 eng d
040 ## - CATALOGING SOURCE
Transcribing agency gbc
082 ## - DEWEY DECIMAL CLASSIFICATION NUMBER
Classification number 253.78
Item number DAV
100 ## - MAIN ENTRY--PERSONAL NAME
Personal name Davey, Lowell
9 (RLIN) 7857
245 ## - TITLE STATEMENT
Title Giving the Winds the Bible Voice:
Remainder of title celebrating twenty-five years of ministry with the Bible Broadcasting Network/
Statement of responsibility, etc. Lowell Davey
260 ## - PUBLICATION, DISTRIBUTION, ETC.
Place of publication, distribution, etc. United States:
Name of publisher, distributor, etc. Bible Broadcasting Network
Date of publication, distribution, etc. 1996.
300 ## - PHYSICAL DESCRIPTION
Extent 203 p.;
Other physical details ill.,
Dimensions 20 cm.
650 ## - SUBJECT ADDED ENTRY--TOPICAL TERM
Topical term or geographic name entry element Radio in religion.
9 (RLIN) 9809
650 ## - SUBJECT ADDED ENTRY--TOPICAL TERM
Topical term or geographic name entry element Radio broadcasting.
9 (RLIN) 9989
650 ## - SUBJECT ADDED ENTRY--TOPICAL TERM
Topical term or geographic name entry element Radio stations.
9 (RLIN) 9990
942 ## - ADDED ENTRY ELEMENTS (KOHA)
Source of classification or shelving scheme Dewey Decimal Classification
Koha item type Books
Koha issues (borrowed), all copies 1
Holdings
Withdrawn status Lost status Source of classification or shelving scheme Damaged status Not for loan Home library Current Library Shelving location Date acquired Total checkouts Full call number Barcode Date last seen Copy number Price effective from Koha item type Date last checked out
    Dewey Decimal Classification     GRACE BIBLE COLLEGE GRACE BIBLE COLLEGE Ministry & Mission 2018-01-12   253.78 DAV 009481 2025-05-01 c.1 2018-01-12 Books  
    Dewey Decimal Classification     GRACE BIBLE COLLEGE GRACE BIBLE COLLEGE Ministry & Mission 2018-03-26 1 253.78 DAV 009483 2025-05-01 c.1 2018-03-26 Books 2021-03-09
© Grace Bible College Library 2025